00518nam a2200205Ia 4500003000400000005001700004008004100021020002200062040000700084041000800091082001300099100001800112245003600130250000600166260004300172300001700215365001300232440004100245650002600286OSt20220615105934.0210423s2014 xx 000 0 und d a978-93-80250-64-9 cAL aeng a515 TAOA aTAO (Terence) aAnalysis I Ed 3cSESHADRI (C S) a3 aNew DelhibHindustan Book Agencyc2014 axvii,350bHB b550cINR aTexts and readings in mathematics 37 aMathematical Analysis